Problémy dalšího rozvoje stavební tepelné techniky

Bibliographic Details
Main Author: Řehánek, Jaroslav (Author)
Format: Article
Language:Slovak
Czech
PhysicalDescription:Obr. 2. Res. rus., angl., lit. 23 zázn. v češ., ruš., angl.
Subjects:

MARC

LEADER 00000nab a2200000 a 4500
001 vtls000247140
003 SK-MaSNL
005 20260304224843.0
008 250422c1985 xo 0 slo
015 |a SNBRB19rr/mm-uuuuu 
035 |a CL0257254 
035 |a (urnnbn)urn:nbn:sk:snk:ar-006jpc 
035 |a (uuid)c86e0cbc-34d9-4919-b654-917d5259f84c 
035 |a urn:nbn:sk:snk-ab86ci 
040 |a SNKBUCL  |b slo  |c SNKBUCL  |e AACR2 
041 0 |a cze 
044 |a xo  |c SK 
080 |a 697  |2 1981 
080 |a 699.86  |2 1981 
100 1 |a Řehánek, Jaroslav  |4 aut  |9 288177 
245 1 0 |a Problémy dalšího rozvoje stavební tepelné techniky  |c Jaroslav Řehánek 
300 |b Obr. 2. Res. rus., angl., lit. 23 zázn. v češ., ruš., angl. 
650 0 7 |a technika tepelná stavebná  |2 snkbucl  |9 955946 
650 0 7 |a budovy  |2 snkbucl  |9 1283 
650 0 7 |a stavebné konštrukcie  |2 snkbucl  |9 3695 
655 7 |a články z novín a časopisov  |2 snkbucl  |9 267496 
773 0 |t Stavebnícky časopis  |g Roč. 33, č. 1 (1985), s. 3-17 
850 |a Slovenská národná knižnica 
852 |a Slovenská národná knižnica 
958 |a article9 
958 |a NB 
958 |a RK 
958 |a CZ 
958 |a OND 
958 |a EUIPO 
992 |a RBX 
999 |c 3174513  |d 3176443